Countries which have won the International Mathematical Olympiad - Statistics

General Stats
  • This quiz has been taken 1,428 times
    1,366 since last reset
  • The average score is 7 of 12
Answer Stats
Wins Answer % Correct
9 United States
99%
25 China
98%
1 Russia
88%
2 Germany
86%
2 South Korea
85%
13 Soviet Union
53%
1 Iran
39%
6 Hungary
38%
5 Romania
37%
1 Bulgaria
33%
1 Czechoslovakia
29%
1 East Germany
22%
No matching quizzes found
Score Distribution
Percent of People with Each Score
Percentile by Number Answered
Your Score History
You have not taken this quiz since the last reset